00501nam a22001937a 450000500170000001000130001702000230003003500130005303700160006604000120008208200150009410000160010924500540012526000270017927000120020630000210021850000200023965000480025920170124110047.0 aA-258273 c250.00a0585493080 aA-258273 bCen Lib/Ret aDPLbEN a880.9bKEI aKeith, W.J. aCanadian literature in english /cby W.J. Keith  aLondonbLongman c1985 bLondon  a287p. c20cm(Hb) aIncludes index  aCanadian literature xhistory and criticism